01306nab a22002537a 4500999001500000003000400015005001700019008004100036040000700077100003700084245015300121260007300274300001500347500007200362505022600434505008900660650003500749650002800784650003200812650002700844650002900871773013900900942001301039 c5687d5687OSt20251227001100.0190603e xxum|||| |||| 00| 0 spa d cPJ 96406aMarcos, Guillermo Andrés10aAlgunos institutos societarios que pudieron estar incorporados en el Código Civil y Comercial y alguna discrepancia / cGuillermo Andrés Marcos. cCiudad Autónoma de Buenos Aires :aThomson Reuters La Ley, b2025. ap. 217-227 aCita: TR LALEY AR/DOC/1758/2025 Publicado en: RCCyC 2025 (agosto). aSumario: I. Introducción.— II. Mociones de orden.— III. Simples asociaciones informales.— IV. Prohibiciones e incompatibilidades para ser director.— V. Inoponibilidad de la persona jurídica.— VI. Colofón.  t¿Te interesa el texto completo? Solicitalo al correo: koha@justierradelfuego.gov.ar 091497aCODIGO CIVIL Y COMERCIAL 091602aDERECHO COMERCIAL 09646aSOCIEDADES COMERCIALES 091625aSOCIEDAD ANONIMA 096630aASAMBLEA ORDINARIA0 0271393170dCiudad Autónoma de Buenos Aires : Thomson Reuters La Ley, 2015-tRevista Código Civil y Comercial. Nº 4 - Agosto 2025 2udccANA